Регионална библиотека "Любен Каравелов" - Русе

Справочник на масонски символи, думи, термини, идиоми и съкращения (Запис номер 193011)

MARC детайли
000 -Лидер
Контролно поле с фиксирана дължина 02218nam a2200385 c 4500
003 - Код на организацията, давaща контролен номер
Контролно поле BLK
005 - Дата и час на последна редакция
Контролно поле 20180422115902.0
008 - Елементи от данни с фиксирана дължина
fixed length control field 180411b bul|||||r ||||||| ||bul||
010 ## - Наследен системен номер
LC control number KNG00202225000
020 ## - Международен стандартен номер на книга ISBN
Международен стандартен номер на книга ISBN 978-619-90630-0-2
-- издат.: Нова Луна
040 ## - Източник на каталожния запис
Идентификатор на билиотеката - собственик на записа BLK
041 ## - Код за език
Код за езика на текст/звукозапис или на отделно заглавие Български
Код за езика КДБФ Български
072 #7 - Код за тематичната категория
Код организация bullib
Код за тематична категория Н00
Текст Общ отдел Н
080 ## - УДК
Текстов определител УДК Организации, асоциации, движения със специални цели и/или области на дейност. Професионални асоциации(Ку-клукс-клан, масони, окултни движения, орден на тамплиерите).
УДК код - определител по УДК 061.23
УДК определител (035)
УДК - код + определител 061.23(035)
100 1# - Редна дума - Автор
Автор Ведър, Йордан Иванов
Авторска отговорност първи автор
R(LIN) 367198
139 ## - Редно поле
Редна дума Ведър, Йордан Иванов и др.
Авторски знак Вед - В 35
245 10 - Сведения за заглавието
Заглавие Справочник на масонски символи, думи, термини, идиоми и съкращения
Редно поле (дума) Йордан Иванов Ведър; съавт. Лена Гайдарска; състав. Александър Константинов Нишков; увод от Илия Кожухаров.
257 ## - Страна на издаване
Страна на създаване/издаване България
260 ## - Област на издателските данни
-- София
Име на издателя, разпространителя и проч. Нова Луна
Година на издаване 2016
Печатница София : Скала принт
300 ## - Физическа характеристика
Страници 218 с.
Илюстрации и др. с цв. ил.
Размери/Мащаб 22 см
380 ## - Жанр
Жанр Общ отдел
500 ## - Общи забележки
Забележка За този справочник, Ахил, костенурката и други неща / Илия Кожухаров: с. 2-3. - Биогр. данни за състав. отбелязани на с. 216. - Изд. на Обединена ложа на България. Съюзна ложа Нова луна.
650 #4 - Допълнително описание по предмет – тема
Основно описание – тема или топоним Масонство
9 (RLIN) 161281
653 ## - Ключова дума – ненормативна
Ключова дума масонство
653 ## - Ключова дума – ненормативна
Ключова дума справочници
659 ## - Тематичен бюлетин
Тематичен бюлетин Н
700 1# - Други автори (авторска отговорност)
Лично име Гайдарска, Лена
Автороска отговорност (Описва отношението между автора и произведението) съавт.
9 (RLIN) 346075
700 1# - Други автори (авторска отговорност)
Лично име Нишков, Александър Константинов
Автороска отговорност (Описва отношението между автора и произведението) състав.
9 (RLIN) 346076
700 1# - Други автори (авторска отговорност)
Лично име Кожухаров, Илия
Автороска отговорност (Описва отношението между автора и произведението) увод от
9 (RLIN) 385101
852 ## - Местоположение
Форматна сигнатура Цб 284539
856 4# - Електронен адрес и достъп
Електронен формат pdf - файл
Път до файла /url/
856 4# - Електронен адрес и достъп
Електронен формат pdf - файл
Път до файла /url/
942 ## - АРТИКУЛИ
Вид на библиотечния материал Книги
Скрит в OPAC Не
944 ## - СЪЗДАВАНЕ И РЕДАКЦИЯ на ЗАПИСА
Създаване/Редакция Създаване
Дата на регистрацията/редакция 02.03.2017
Служител, извършил регистрацията/редакцията Виолета_Тройчева
944 ## - СЪЗДАВАНЕ И РЕДАКЦИЯ на ЗАПИСА
Създаване/Редакция Редакция
Дата на регистрацията/редакция 16.03.2017
Служител, извършил регистрацията/редакцията Грета_Цуфелде
999 ## - СИСТЕМНИ КОНТРОЛНИ НОМЕРА
Koha biblionumber 193011
Koha biblioitemnumber 193011
Наличности
Код за отписване Код за изгубен артикул Код за повреда Коз за рестрикции Код за отдаване Артикулен № Име на библиотеката - собственик Име на библиотеката, в която се намира в момента Статус (Текущо местоположение) Дата на вписване в системата Местоположение - отдел Цена в лева Инвентарен номер Систематично азбучна сигнатура Баркод Номер на екземпляра Цена в евро Служебна бележка Служебен тип на артикула
  Не е изгубен Не е повреден без рестрикции ползва се в читалня 338249 Регионална библиотека "Любен Каравелов" Русе Регионална библиотека "Любен Каравелов" Русе Хранилище 2017-03-09 Хранилище 30.00 120000808735 Цб 284539 120000808735 1 15.34 Дост: Dp Вид: Д N: 5 Дата: 18.01.2017 Книги
Vip Innovations Ltd, Rousse, Bulgaria 2025